FIFA 17 National Teams - Statistics

General Stats
  • This quiz has been taken 519 times
  • The average score is 32 of 47
Answer Stats
Continent Country % Correct
Germany
93%
South America Argentina
92%
Brazil
92%
Europe England
92%
France
92%
Spain
91%
United States
90%
North America Mexico
87%
Portugal
87%
Oceania Australia
84%
Italy
82%
Canada
81%
Chile
77%
Belgium
76%
Uruguay
76%
China
75%
Sweden
75%
Ireland
73%
Russia
73%
Colombia
72%
Wales
70%
Netherlands
69%
Peru
68%
Austria
66%
Poland
66%
Denmark
65%
Scotland
64%
Switzerland
63%
Ivory Coast
62%
Paraguay
62%
South Africa
62%
Egypt
61%
Bolivia
60%
Ecuador
60%
Greece
60%
Venezuela
60%
Norway
59%
India
57%
Finland
56%
Africa Cameroon
55%
Asia Turkey
53%
Slovenia
49%
Hungary
48%
Northern Ireland
48%
Czech Republic
46%
Bulgaria
43%
Romania
42%
No matching quizzes found
Score Distribution
Percent of People with Each Score
Percentile by Number Answered
Your Score History
You have not taken this quiz